Quiz o Nisku - Statystyki

Ogólne statystyki
  • Ten quiz został rozwiązany 10 razy
  • Średni wynik to 8 z 15
Statystyki odpowiedzi
Pytanie Odpowiedź % Poprawnych
Jaka rzeka przepływa przez NIsko? San
100%
W którym wieku Nisko otrzymało prawa miejskie? XX
88%
Jaką nazwę nosi drużyna piłkarska z Niska? Sokół Nisko
75%
Jak nazywa się dzielnica Niska, która dawniej była osobną miejscowością i znana jest z zalewu? Podwolina
63%
Jaką nazwę nosi lokalna gazeta informacyjna ukazująca się w Nisku? Sztafeta
63%
Jaki znany polski duchowny katolicki urodził się w Nisku? Biskup Ignacy Tokarczuk
50%
Kiedyś biegła tędy linia kolejowa. Jakie dwa miasta łączyła? Kraków
50%
Jak nazywa się rezerwat przyrody znajdujący się w pobliżu Niska? Kulka
50%
Kiedyś biegła tędy linia kolejowa. Jakie dwa miasta łączyła? Lwów
50%
Jak nazywał się niemiecki plan osiedlenia ludności żydowskiej w rejonie Niska przed masową eksterminacją? Plan Nisko
50%
Jaką nazwę nosi popularna trasa rowerowa biegnąca przez Nisko i okoliczne lasy? Green Velo
38%
Jaki pomnik znajduje się w centrum miasta Nisko, przy Placu Wolności? Orła Białego
38%
Czyj pałac leży w Nisku? Lubomirskich
25%
Jak nazywa się znany lokalny artysta rzeźbiarz związany z Niskiem? Stanisław Szlęzak
25%
Jaki zakład produkcyjny działa w Nisku w branży metalowej i narzędziowej? Tartel Tools
25%
Nie znaleziono quizów pasujących do podanych kryteriów
Rozkład punktacji
Procent ludzi z każdym wynikiem
Percentyl według liczby udzielonych odpowiedzi
Twoja historia wyników
Nie rozwiązałeś tego quizu